000 00747nam a2200169 a 4500
001 000016935
005 20200929165002.0
008 100312s1982 dr ac 000 0 spa d
040 _aDO-SdBNP
_bspa
_cBNPHU
082 _a380.14
_bP214g
110 1 _aRepública Dominicana.
_bInstituto de Estabilización de precios
_937440
245 1 0 _aPapel y gestión del INESPRE en la comercialización de productos agropecuarios básicos en la República Dominicana 1978-1982 /
_cedición Eurípides Herasme Peña.
260 _a[Santo Domingo] :
_bInstituto de Estabilización de precios,
_c1982.
300 _a267 p. :
_bil. ; retrs. ;
_c21 cm.
650 4 _aPolítica comercial
_xControl de la producción
_xControl de precio (gobierno)
_937441
049 _aBNPD
999 _c16467
_d16467